000 01599nam0a22002891 4500
001 v19\rc\1264884
005 20260407023839.0
035 _a(NLR Aleph) 004418387
090 _a4101929
_c4101929
100 _a20060306d1894 |||y0rusy50 ca
101 0 _arus
102 _aRU
105 _ay z |||||
200 1 _aСписок русских экспонентов, которым присуждены премии и награды на Всемирной выставке 1893 года в Чикаго, утвержденный общим по выставке наградным комитетом
210 _aСанкт-Петербург
_d[1894]
215 _a10 с.
_d31
309 _aБез тит. л. и обл.
311 _aПрил. к № 25 Вестника финансов, промышленности и торговли, 1894 г.
316 _aЭкз. РНБ (6/366): приплетено к журн. ...
_5NLR: 6/366
422 0 _12001#$aВестник финансов, промышленности и торговли$v1894, № 25
_tВестник финансов, промышленности и торговли
482 0 _12001#$aВестник финансов, промышленности и торговли$v1894, № 25
_tВестник финансов, промышленности и торговли
710 1 2 _aВсемирная выставка
_bРусский отдел
_eЧикаго
_f1893
_9516456
_3RU\NLR\AUTH\8810009364
801 0 _aRU
_bNLR
_gpsbo
801 1 _aRU
_bProSoft-M
_2rusmarc
852 _aNLR
_j6/366
942 _cBOOK
980 _aNB